| 000 | 00524nam a22001697a 4500 | ||
|---|---|---|---|
| 003 | 0 | ||
| 005 | 20230619140110.0 | ||
| 008 | 230619b xxu||||| |||| 00| 0 eng d | ||
| 020 | _a978-971-996-827-6 | ||
| 082 |
_aFil. 560 _b.Co776 2013 |
||
| 245 |
_aLearning from fossils = Pagkatuto mula sa mga fossils _cC&E Publishing, Inc. |
||
| 260 |
_aQuezon City _bC&E Publishing, Inc. _cC2013 |
||
| 300 |
_a26pp. _bcol. ill. _c19cm. |
||
| 500 | _aFossils-Juvenile literature. | ||
| 504 | _aIncludes indexes. | ||
| 942 |
_2ddc _cBK |
||
| 999 |
_c365025 _d365025 |
||